[Event "3rd Memory of Nebesna Sotnya-2016 R"]
[Site "Lutsk"]
[Date "2016.02.21"]
[Round "7.1"]
[White "Bernadskiy, Vitaliy"]
[Black "Zubarev, Alexander"]
[Result "1/2-1/2"]
[WhiteElo "2552"]
[BlackElo "2523"]
[PlyCount "72"]
[EventDate "2016.02.20"]
[EventType "swiss (rapid)"]
[EventRounds "11"]
[EventCountry "UKR"]

1. e4 c5 2. Be2 Nf6 3. d3 Nc6 4. f4 d6 5. Nf3 g6 6. O-O Bg7 7. c3 O-O 8. Qe1 c4
9. Na3 cxd3 10. Bxd3 Nd7 11. Be3 b6 12. Rd1 a6 13. Bc4 b5 14. Bd5 Bb7 15. f5
Nf6 16. Ng5 Nxd5 17. exd5 Ne5 18. fxg6 fxg6 19. Ne6 Rxf1+ 20. Qxf1 Qd7 21. Nxg7
Kxg7 22. Nc2 Qf5 23. Qxf5 gxf5 24. Nd4 Bxd5 25. Nxf5+ Kf6 26. Nxd6 Bxa2 27.
Ne4+ Kf5 28. Nc5 Ng4 29. Rf1+ Kg6 30. Re1 Nxe3 31. Rxe3 Ra7 32. b4 Bc4 33. Re1
a5 34. bxa5 Rxa5 35. Rxe7 Ra1+ 36. Kf2 Ra2+ 1/2-1/2

[Event "3rd Memory of Nebesna Sotnya-2016 R"]
[Site "Lutsk"]
[Date "2016.02.21"]
[Round "7.2"]
[White "Budnikov, Oleg"]
[Black "Bortnyk, Mykola"]
[Result "0-1"]
[WhiteElo "2459"]
[BlackElo "2535"]
[PlyCount "138"]
[EventDate "2016.02.20"]
[EventType "swiss (rapid)"]
[EventRounds "11"]
[EventCountry "UKR"]

1. d4 Nf6 2. c4 e6 3. Nf3 b6 4. g3 Bb4+ 5. Bd2 Bxd2+ 6. Qxd2 O-O 7. Bg2 Bb7 8.
O-O d5 9. cxd5 exd5 10. Nc3 Re8 11. Rac1 Ne4 12. Qc2 Na6 13. Rfe1 c5 14. dxc5
bxc5 15. Nxe4 dxe4 16. Red1 Qb6 17. Ng5 Qg6 18. Nh3 Rac8 19. Nf4 Qb6 20. Qc4
Bc6 21. b3 Nb4 22. a4 Bb7 23. Rd7 Rf8 24. Bxe4 Ba6 25. a5 Qh6 26. Qc3 Na2 27.
Qd2 Nxc1 28. Qxc1 c4 29. bxc4 Bxc4 30. Qd2 a6 31. Qd4 Rfe8 32. Bb7 Qg5 33. Bxc8
Rxc8 34. Nd5 Bxd5 35. Rxd5 Qc1+ 36. Kg2 Qc7 37. Qd3 Ra8 38. e4 g6 39. h4 h5 40.
Qd4 Re8 41. Qd3 Re6 42. Rd8+ Kg7 43. Qd4+ Qe5 44. f4 Qxd4 45. Rxd4 Rc6 46. Rd5
Rc2+ 47. Kf3 Rc3+ 48. Kf2 Rc2+ 49. Ke3 Rc3+ 50. Rd3 Rc5 51. Ra3 Rc4 52. Kd3 Rb4
53. Ke3 Kf8 54. Rd3 Ra4 55. Rd5 Ra3+ 56. Kd4 Ke7 57. Rg5 Ra4+ 58. Kd3 Ra3+ 59.
Kc2 Re3 60. Rc5 Kd6 61. Rd5+ Kc6 62. Rg5 Rxe4 63. f5 Re5 64. g4 hxg4 65. Rxg4
Rxf5 66. Kc3 Rxa5 67. Rf4 f5 68. Kb4 Re5 69. Ka4 Re4+ 0-1

[Event "3rd Memory of Nebesna Sotnya-2016 R"]
[Site "Lutsk"]
[Date "2016.02.21"]
[Round "7.3"]
[White "Onischuk, Vladimir"]
[Black "Klymchuk, Andriy"]
[Result "1-0"]
[WhiteElo "2739"]
[BlackElo "2385"]
[PlyCount "101"]
[EventDate "2016.02.20"]
[EventType "swiss (rapid)"]
[EventRounds "11"]
[EventCountry "UKR"]

1. e4 c5 2. Nf3 Nc6 3. Bb5 g6 4. Bxc6 bxc6 5. O-O Bg7 6. h3 Nh6 7. Re1 O-O 8.
c3 d6 9. d4 cxd4 10. cxd4 f6 11. Nc3 Nf7 12. b3 Qa5 13. Bd2 Qh5 14. Ne2 Ng5 15.
Nxg5 fxg5 16. Be3 Bxh3 17. Ng3 Qxd1 18. Raxd1 Bd7 19. Bxg5 Kf7 20. e5 d5 21.
Ne2 e6 22. Nc3 Rfc8 23. Na4 Bf8 24. Rc1 h6 25. Bd2 g5 26. Re3 Rab8 27. Rg3 Be7
28. f4 Rg8 29. fxg5 hxg5 30. Nc5 Bxc5 31. Rxc5 g4 32. Ra5 Rb7 33. Bc1 Be8 34.
Ba3 Rg5 35. Bc5 Kg6 36. Rxa7 Rxa7 37. Bxa7 Kf5 38. Kf2 Kf4 39. Bc5 Rg8 40. a4
Bd7 41. b4 Bc8 42. b5 cxb5 43. axb5 Bd7 44. b6 Bb5 45. Rb3 g3+ 46. Ke1 Bc6 47.
Rf3+ Ke4 48. Kd2 Ra8 49. Rxg3 Ra2+ 50. Kc3 Ra1 51. Kb2 1-0

[Event "3rd Memory of Nebesna Sotnya-2016 R"]
[Site "Lutsk"]
[Date "2016.02.21"]
[Round "7.4"]
[White "Borisenko, Viacheslav"]
[Black "Bogdanovich, Stanislav"]
[Result "0-1"]
[WhiteElo "2409"]
[BlackElo "2665"]
[PlyCount "46"]
[EventDate "2016.02.20"]
[EventType "swiss (rapid)"]
[EventRounds "11"]
[EventCountry "UKR"]

1. e4 e5 2. Nf3 Nc6 3. d4 exd4 4. Nxd4 Bc5 5. Nb3 Bb6 6. Nc3 Nf6 7. a4 a6 8.
Qe2 O-O 9. Be3 Bxe3 10. Qxe3 d6 11. O-O-O Be6 12. Nc5 Ng4 13. Qf4 Nxf2 14. Qxf2
Qg5+ 15. Qd2 Qxc5 16. Bd3 Ne5 17. h3 b5 18. Kb1 bxa4 19. Nxa4 Qd4 20. Qa5 Nc6
21. Qc3 Qxa4 22. b3 Rfb8 23. Kb2 Qd4 0-1

[Event "3rd Memory of Nebesna Sotnya-2016 R"]
[Site "Lutsk"]
[Date "2016.02.21"]
[Round "7.5"]
[White "Kuzubov, Yuriy"]
[Black "Omelja, Artem"]
[Result "1/2-1/2"]
[WhiteElo "2574"]
[BlackElo "2355"]
[PlyCount "112"]
[EventDate "2016.02.20"]
[EventType "swiss (rapid)"]
[EventRounds "11"]
[EventCountry "UKR"]

1. e4 e6 2. d4 d5 3. Nc3 dxe4 4. Nxe4 Nd7 5. Bd3 Ngf6 6. Qe2 c5 7. Nxc5 Nxc5 8.
dxc5 Bxc5 9. Bg5 Qa5+ 10. Bd2 Qb6 11. O-O-O O-O 12. Nf3 e5 13. Nxe5 Re8 14. Bc3
Bxf2 15. Rhf1 Qe3+ 16. Kb1 Qxe2 17. Bxe2 Bb6 18. Bf3 Bc7 19. Nxf7 Ne4 20. Bxe4
Rxe4 21. Ng5 Re7 22. Bb4 Re8 23. h3 h6 24. Nf7 Be6 25. Nd6 Bxd6 26. Bxd6 Rad8
27. b3 Rd7 28. c4 Red8 29. c5 b6 30. Rde1 Bd5 31. Rf2 bxc5 32. Bxc5 Rc8 33. b4
a5 34. a3 axb4 35. axb4 Ra8 36. g3 Ra3 37. Re3 Rxe3 38. Bxe3 Be4+ 39. Kb2 Rd3
40. Bf4 Bd5 41. Kc2 Be4 42. Kc1 Rb3 43. Bd6 Rb1+ 44. Kd2 Rb2+ 45. Ke3 Rxf2 46.
Kxf2 Kf7 47. b5 h5 48. Ke3 Bg2 49. h4 Ke6 50. Bf8 g6 51. Kd4 Kd7 52. Ke5 Kc8
53. Bc5 Kb7 54. Kf6 Be4 55. Bf2 Bd3 56. Kg7 Be4 1/2-1/2

[Event "3rd Memory of Nebesna Sotnya-2016 R"]
[Site "Lutsk"]
[Date "2016.02.21"]
[Round "7.6"]
[White "Rakhmangulov, Andrei"]
[Black "Kislinsky, Alexey"]
[Result "1/2-1/2"]
[WhiteElo "2360"]
[BlackElo "2506"]
[PlyCount "79"]
[EventDate "2016.02.20"]
[EventType "swiss (rapid)"]
[EventRounds "11"]
[EventCountry "UKR"]

1. d4 g6 2. e4 Bg7 3. c3 d5 4. exd5 Qxd5 5. Nf3 c5 6. Na3 cxd4 7. Nb5 Na6 8.
Be2 Bd7 9. Nbxd4 Nf6 10. O-O O-O 11. Re1 Nc5 12. Nb3 Qxd1 13. Rxd1 Na4 14. Ne5
Bf5 15. Bb5 Rfd8 16. Re1 Nb6 17. Nd4 Be4 18. Bg5 Bd5 19. a4 Ne4 20. Nef3 Nxg5
21. Nxg5 e5 22. Nc2 h6 23. Nf3 a6 24. Bf1 Bxf3 25. gxf3 Rd2 26. Ne3 Rxb2 27. a5
Nd7 28. Rad1 Nc5 29. Nc4 Rc2 30. Rd5 Ne6 31. Rd7 Rxc3 32. Rxb7 Nd4 33. Reb1
Nxf3+ 34. Kg2 Nh4+ 35. Kg1 e4 36. Nd6 f5 37. Rb8+ Rxb8 38. Rxb8+ Kh7 39. Rb7 f4
40. Nxe4 1/2-1/2

[Event "3rd Memory of Nebesna Sotnya-2016 R"]
[Site "Lutsk"]
[Date "2016.02.21"]
[Round "7.7"]
[White "Bogatyrev, Sergey"]
[Black "Polivanov, Anatoliy"]
[Result "1-0"]
[WhiteElo "2300"]
[BlackElo "2488"]
[PlyCount "99"]
[EventDate "2016.02.20"]
[EventType "swiss (rapid)"]
[EventRounds "11"]
[EventCountry "UKR"]

1. c4 e6 2. Nf3 d5 3. d4 c6 4. cxd5 exd5 5. Nc3 Bf5 6. Bf4 Bd6 7. Bg3 Ne7 8. e3
Bg6 9. Qb3 Bxg3 10. hxg3 Qb6 11. Ne5 Nd7 12. Nxg6 Nxg6 13. Bd3 O-O-O 14. O-O-O
Ngf8 15. Qa3 Re8 16. Kb1 Ne6 17. Rc1 Kb8 18. Na4 Qc7 19. b4 Qd6 20. Nc5 b6 21.
Nxd7+ Qxd7 22. Rc2 Rc8 23. Rhc1 Qd6 24. Qa4 b5 25. Qa5 Nd8 26. a3 Nb7 27. Qa6
c5 28. Qxd6+ Nxd6 29. dxc5 Nc4 30. Bxc4 dxc4 31. Rd2 Rhd8 32. Rcd1 Kc7 33. a4
a6 34. Rd6 f5 35. Kc2 bxa4 36. Rxa6 Rxd1 37. Kxd1 Rb8 38. Rxa4 Kc6 39. Ra6+ Kb5
40. Rb6+ Rxb6 41. cxb6 Kxb6 42. Kc2 h5 43. Kc3 Kb5 44. f3 g5 45. e4 f4 46. gxf4
gxf4 47. e5 h4 48. e6 Kc6 49. b5+ Kd6 50. b6 1-0

[Event "3rd Memory of Nebesna Sotnya-2016 R"]
[Site "Lutsk"]
[Date "2016.02.21"]
[Round "7.8"]
[White "Kravets, Ivan"]
[Black "Mirzoev, Emil"]
[Result "0-1"]
[WhiteElo "2168"]
[BlackElo "2412"]
[PlyCount "78"]
[EventDate "2016.02.20"]
[EventType "swiss (rapid)"]
[EventRounds "11"]
[EventCountry "UKR"]

1. e4 c5 2. Nf3 e6 3. d4 cxd4 4. Nxd4 a6 5. Nc3 Qc7 6. Be2 Nf6 7. O-O Be7 8. f4
d6 9. Be3 b5 10. Bf3 Bb7 11. a3 Nbd7 12. Qe2 O-O 13. Kh1 Rac8 14. Bg1 Qb8 15.
Rae1 Qa8 16. g4 Rxc3 17. bxc3 Nc5 18. e5 dxe5 19. fxe5 Nxg4 20. Bxb7 Qxb7+ 21.
Qf3 Qxf3+ 22. Rxf3 Bh4 23. Re2 Rc8 24. h3 Nh6 25. Be3 Kf8 26. Bxh6 gxh6 27. Kg2
Bg5 28. Nb3 Nd7 29. Rd3 Ke8 30. Kf3 Be7 31. Ke4 Rc4+ 32. Rd4 Rxc3 33. Red2 Nb6
34. Rg2 Nd5 35. Rd3 Rc4+ 36. Rd4 Rc7 37. a4 bxa4 38. Na5 a3 39. c4 a2 0-1

[Event "3rd Memory of Nebesna Sotnya-2016 R"]
[Site "Lutsk"]
[Date "2016.02.21"]
[Round "8.1"]
[White "Bogdanovich, Stanislav"]
[Black "Bernadskiy, Vitaliy"]
[Result "1-0"]
[WhiteElo "2665"]
[BlackElo "2552"]
[PlyCount "93"]
[EventDate "2016.02.20"]
[EventType "swiss (rapid)"]
[EventRounds "11"]
[EventCountry "UKR"]

1. d4 Nf6 2. c4 e6 3. Nf3 c5 4. Nc3 cxd4 5. Nxd4 Nc6 6. Ndb5 d6 7. Bf4 e5 8.
Bg5 a6 9. Na3 Be7 10. g3 O-O 11. Bg2 Be6 12. O-O h6 13. Bxf6 Bxf6 14. Nd5 e4
15. Qd2 Bg5 16. Qc3 f5 17. Rfd1 Rc8 18. Qb3 Rb8 19. Qa4 Bxd5 20. Rxd5 Qb6 21.
Qb3 Qxb3 22. axb3 Bf6 23. Rxf5 Nd4 24. Rd5 e3 25. fxe3 Nxb3 26. Rb1 Rfe8 27.
Nc2 Be5 28. Bh3 b5 29. cxb5 Rxb5 30. Rxb5 axb5 31. Bd7 Re7 32. Bxb5 Kh8 33. Rd1
g5 34. Kf2 Kg7 35. Nd4 Rf7+ 36. Ke1 Nc5 37. b4 Ne4 38. Bc6 Nf2 39. Rb1 Ng4 40.
Kd2 Nxh2 41. Bd5 Rf1 42. Rb3 Ra1 43. b5 Nf1+ 44. Kd3 Nxg3 45. b6 Rd1+ 46. Kc2
Bxd4 47. exd4 1-0

[Event "3rd Memory of Nebesna Sotnya-2016 R"]
[Site "Lutsk"]
[Date "2016.02.21"]
[Round "8.2"]
[White "Bortnyk, Mykola"]
[Black "Zubarev, Alexander"]
[Result "1-0"]
[WhiteElo "2535"]
[BlackElo "2523"]
[PlyCount "85"]
[EventDate "2016.02.20"]
[EventType "swiss (rapid)"]
[EventRounds "11"]
[EventCountry "UKR"]

1. e4 g6 2. d4 Bg7 3. Nc3 d6 4. Be3 Nf6 5. h3 Nc6 6. Nf3 O-O 7. d5 Ne5 8. Nxe5
dxe5 9. Bc4 Ne8 10. Qd3 Nd6 11. Bb3 f5 12. f3 a6 13. O-O-O f4 14. Bf2 b5 15.
Kb1 Bd7 16. a4 b4 17. Na2 a5 18. c4 bxc3 19. Qxc3 Qb8 20. Rc1 Rc8 21. Qd3 Qb7
22. Rc3 Rab8 23. Qc2 Kh8 24. Nc1 c5 25. Bxc5 Nf5 26. exf5 Bxf5 27. Nd3 Rxc5 28.
Rxc5 Qxb3 29. Rd1 Qxc2+ 30. Kxc2 e4 31. fxe4 Bxe4 32. b4 axb4 33. Kb3 g5 34.
Ne1 h6 35. Nf3 Bc3 36. Rc4 Bh7 37. Rc7 Bf6 38. a5 Ra8 39. Kxb4 Rb8+ 40. Kc5 Kg8
41. a6 Rb3 42. a7 Ra3 43. Rc8+ 1-0

[Event "3rd Memory of Nebesna Sotnya-2016 R"]
[Site "Lutsk"]
[Date "2016.02.21"]
[Round "8.3"]
[White "Mirzoev, Emil"]
[Black "Onischuk, Vladimir"]
[Result "0-1"]
[WhiteElo "2412"]
[BlackElo "2739"]
[PlyCount "89"]
[EventDate "2016.02.20"]
[EventType "swiss (rapid)"]
[EventRounds "11"]
[EventCountry "UKR"]

1. d4 d6 2. c4 e5 3. Nf3 e4 4. Nfd2 f5 5. e3 Nf6 6. Nc3 g6 7. Be2 Bg7 8. O-O
O-O 9. b4 c6 10. a4 a5 11. bxa5 Qxa5 12. Qc2 Be6 13. Ba3 Qc7 14. Nb3 Nbd7 15.
Rfd1 Bf7 16. Rab1 g5 17. Nd2 Rfe8 18. Rb2 b6 19. Rf1 Bg6 20. Rb3 f4 21. Bc1 Ra5
22. Qd1 Qd8 23. Kh1 Rf5 24. f3 exf3 25. Nxf3 fxe3 26. Bd3 Ng4 27. Bxf5 Nf2+ 28.
Rxf2 exf2 29. Bxg6 Re1+ 30. Qxe1 fxe1=Q+ 31. Nxe1 hxg6 32. Ne2 Qa8 33. Ra3 Qa5
34. Nd3 Qf5 35. Ng3 Qg4 36. Nf2 Qxd4 37. Be3 Qxc4 38. h3 Bd4 39. Ng4 Bxe3 40.
Rxe3 Ne5 41. Re4 Qc1+ 42. Kh2 Nxg4+ 43. hxg4 d5 44. Re6 Kf7 45. Rd6 0-1

[Event "3rd Memory of Nebesna Sotnya-2016 R"]
[Site "Lutsk"]
[Date "2016.02.21"]
[Round "8.4"]
[White "Kislinsky, Alexey"]
[Black "Bogatyrev, Sergey"]
[Result "1/2-1/2"]
[WhiteElo "2506"]
[BlackElo "2300"]
[PlyCount "74"]
[EventDate "2016.02.20"]
[EventType "swiss (rapid)"]
[EventRounds "11"]
[EventCountry "UKR"]

1. e4 e6 2. d3 d5 3. Nd2 Nf6 4. Ngf3 c5 5. g3 Nc6 6. Bg2 Be7 7. O-O b6 8. Re1
Bb7 9. e5 Nd7 10. c3 Qc7 11. Nf1 O-O-O 12. d4 Kb8 13. h4 h6 14. h5 Rc8 15. Bf4
c4 16. b3 Na5 17. b4 Nc6 18. Ne3 a6 19. Nxd5 exd5 20. e6 Bd6 21. Bxd6 Qxd6 22.
exd7 Qxd7 23. Ne5 Nxe5 24. Rxe5 Rce8 25. Qd2 f6 26. Rxe8+ Rxe8 27. a4 Qf5 28.
a5 b5 29. Re1 Rxe1+ 30. Qxe1 Qxh5 31. Qe7 Qg5 32. Qd8+ Ka7 33. Qb6+ Ka8 34.
Qd8+ Ka7 35. Qc7 Ka8 36. Bh3 f5 37. Kg2 g6 1/2-1/2

[Event "3rd Memory of Nebesna Sotnya-2016 R"]
[Site "Lutsk"]
[Date "2016.02.21"]
[Round "8.5"]
[White "Mikhalsky, Vladimir"]
[Black "Kuzubov, Yuriy"]
[Result "1-0"]
[WhiteElo "2296"]
[BlackElo "2574"]
[PlyCount "79"]
[EventDate "2016.02.20"]
[EventType "swiss (rapid)"]
[EventRounds "11"]
[EventCountry "UKR"]

1. c4 f5 2. g3 g6 3. Bg2 Bg7 4. Nc3 Nf6 5. b4 O-O 6. Bb2 e5 7. Nf3 e4 8. Nd4
Nc6 9. Nc2 Ne5 10. Ne3 c6 11. d4 exd3 12. exd3 Qe7 13. c5 d5 14. Ne2 Nfg4 15.
Nxg4 fxg4 16. Bxe5 Qxe5 17. d4 Qf6 18. O-O Bf5 19. Qd2 Rae8 20. b5 h5 21. bxc6
bxc6 22. Rad1 h4 23. gxh4 Qxh4 24. Ng3 Bc8 25. Rfe1 Qf6 26. Rxe8 Rxe8 27. Qa5
Rf8 28. Qxa7 Qxf2+ 29. Kh1 Qc2 30. Re1 Bxd4 31. Qb6 Bd7 32. Qc7 Qd2 33. Rb1
Qxa2 34. Rc1 Be8 35. Qe7 Qd2 36. Rf1 Qh6 37. Qe6+ Kg7 38. Qxg4 Rxf1+ 39. Bxf1
Qd2 40. Nf5+ 1-0

[Event "3rd Memory of Nebesna Sotnya-2016 R"]
[Site "Lutsk"]
[Date "2016.02.21"]
[Round "8.6"]
[White "Gritsak, Orest"]
[Black "Borsos, Bogdan"]
[Result "1/2-1/2"]
[WhiteElo "2545"]
[BlackElo "2166"]
[PlyCount "97"]
[EventDate "2016.02.20"]
[EventType "swiss (rapid)"]
[EventRounds "11"]
[EventCountry "UKR"]

1. Nf3 d5 2. d4 e6 3. c4 c5 4. cxd5 exd5 5. Bg5 Be7 6. Bxe7 Nxe7 7. dxc5 Qa5+
8. Nc3 Nbc6 9. e3 Qxc5 10. Be2 O-O 11. O-O Be6 12. Rc1 Qb4 13. Qd2 Rfd8 14.
Rfd1 h6 15. Nb5 Qxd2 16. Rxd2 Rac8 17. Rcd1 Nf5 18. Nc3 Nfe7 19. h3 Rc7 20. Nb5
Rcd7 21. Nbd4 Nxd4 22. Nxd4 Nf5 23. Nxf5 Bxf5 24. Bf3 Be6 25. Rd4 Kf8 26. Kf1
Ke7 27. Ke1 Rc8 28. Bxd5 Rc2 29. Bxe6 Rxd4 30. Rxd4 Kxe6 31. Rd2 Rc1+ 32. Ke2
Rg1 33. g3 g5 34. Kf3 Rh1 35. Kg2 Ra1 36. a3 Ra2 37. Kf3 a5 38. h4 gxh4 39.
gxh4 b5 40. Ke4 b4 41. axb4 Ra4 42. Rd4 axb4 43. b3 f5+ 44. Kf3 Ra1 45. Rxb4
Rb1 46. Rb6+ Ke5 47. Rb5+ Ke6 48. Kf4 Rb2 49. f3 1/2-1/2

[Event "3rd Memory of Nebesna Sotnya-2016 R"]
[Site "Lutsk"]
[Date "2016.02.21"]
[Round "8.7"]
[White "Omelja, Artem"]
[Black "Oleksiyenko, Mykhaylo"]
[Result "0-1"]
[WhiteElo "2355"]
[BlackElo "2536"]
[PlyCount "106"]
[EventDate "2016.02.20"]
[EventType "swiss (rapid)"]
[EventRounds "11"]
[EventCountry "UKR"]

1. d4 d5 2. c4 c6 3. Nf3 Nf6 4. Nc3 dxc4 5. a4 Bf5 6. Ne5 Nbd7 7. Nxc4 Nb6 8.
Ne5 a5 9. f3 Nfd7 10. Nxd7 Nxd7 11. e4 Bg6 12. Be2 f6 13. d5 e5 14. dxe6 Nc5
15. Bc4 Qxd1+ 16. Nxd1 Bd6 17. Ne3 Ke7 18. Bd2 Nxe6 19. Bxe6 Kxe6 20. Nc4 Bc7
21. Kf2 Rhd8 22. Be3 f5 23. exf5+ Bxf5 24. Rhe1 Kf7 25. Bc5 Be6 26. Re4 Rd5 27.
Bb6 Bxb6+ 28. Nxb6 Rd2+ 29. Kg3 Rad8 30. Rae1 R8d6 31. b4 axb4 32. Rxb4 R6d4
33. Re4 Rxe4 34. fxe4 Kf6 35. a5 Rd3+ 36. Kf2 Ke5 37. Nc4+ Bxc4 38. Rxc4 Rd4
39. Rc5+ Kxe4 40. a6 bxa6 41. Rxc6 Rd2+ 42. Kg3 a5 43. Rc7 Rd6 44. Ra7 Rg6+ 45.
Kf2 Rg5 46. h4 Rf5+ 47. Kg3 h5 48. Rxg7 Kd4 49. Rg5 Rxg5+ 50. hxg5 Ke5 51. Kh4
Ke6 52. Kxh5 Kf7 53. Kg4 a4 0-1

[Event "3rd Memory of Nebesna Sotnya-2016 R"]
[Site "Lutsk"]
[Date "2016.02.21"]
[Round "8.8"]
[White "Vetoshko, Volodymyr"]
[Black "Budnikov, Oleg"]
[Result "1-0"]
[WhiteElo "2274"]
[BlackElo "2459"]
[PlyCount "69"]
[EventDate "2016.02.20"]
[EventType "swiss (rapid)"]
[EventRounds "11"]
[EventCountry "UKR"]

1. Nf3 Nf6 2. b3 d6 3. d4 Bg4 4. Bb2 Bxf3 5. exf3 e6 6. c4 Nbd7 7. f4 g6 8. g3
Bg7 9. Bg2 Rb8 10. O-O O-O 11. Nc3 Re8 12. Qd2 c6 13. d5 exd5 14. cxd5 c5 15.
Rfe1 Rxe1+ 16. Rxe1 b5 17. f5 Qa5 18. a3 b4 19. Nd1 Qc7 20. a4 c4 21. bxc4 Nc5
22. Ne3 Nxa4 23. Bxf6 Bxf6 24. Ng4 Bg7 25. f6 Bf8 26. Nh6+ Kh8 27. Bh3 b3 28.
Be6 fxe6 29. dxe6 b2 30. e7 b1=Q 31. exf8=Q+ Rxf8 32. Rxb1 d5 33. Qd4 Qc5 34.
Qe5 dxc4 35. Rb8 1-0

[Event "3rd Memory of Nebesna Sotnya-2016 R"]
[Site "Lutsk"]
[Date "2016.02.21"]
[Round "9.1"]
[White "Onischuk, Vladimir"]
[Black "Bogdanovich, Stanislav"]
[Result "0-1"]
[WhiteElo "2739"]
[BlackElo "2665"]
[PlyCount "124"]
[EventDate "2016.02.20"]
[EventType "swiss (rapid)"]
[EventRounds "11"]
[EventCountry "UKR"]

1. e4 e5 2. Nf3 Nc6 3. Bc4 Bc5 4. c3 Nf6 5. d3 d6 6. Nbd2 O-O 7. O-O a6 8. Bb3
Ba7 9. h3 Ne7 10. Re1 Ng6 11. Nf1 Nh5 12. d4 Nhf4 13. Ng3 h6 14. Nf5 Qf6 15.
Bc2 Re8 16. Be3 Be6 17. g3 Nxh3+ 18. Kg2 d5 19. dxe5 Nxe5 20. Nxe5 dxe4 21.
Bxa7 Rxa7 22. Bxe4 Bxf5 23. f4 Rxe5 24. fxe5 Bxe4+ 25. Kxh3 Qf5+ 26. g4 Qf4 27.
Rf1 Qxe5 28. Qd8+ Kh7 29. Rxf7 Bg6 30. Rf3 Qe2 31. Raf1 Be4 32. R3f2 Qe3+ 33.
Kh2 Bd3 34. Rf8 Bxf1 35. Rxf1 Qe2+ 36. Kg1 Qxg4+ 37. Kh2 Qe2+ 38. Kg1 Qg4+ 39.
Kh2 Qh5+ 40. Kg3 Qg6+ 41. Kh3 Qe6+ 42. Kg2 a5 43. Rf8 Qe4+ 44. Kh2 Ra6 45. Rh8+
Kg6 46. Qxc7 Qe2+ 47. Kh3 Qf1+ 48. Kh2 Qf2+ 49. Kh3 Qf5+ 50. Kg2 Re6 51. Qg3+
Kf7 52. Qf3 Qxf3+ 53. Kxf3 Re8 54. Rxe8 Kxe8 55. Kg4 g6 56. a4 Kd7 57. b4 axb4
58. cxb4 Kc6 59. Kf4 Kd5 60. b5 Kc5 61. Ke5 Kb4 62. Kd6 b6 0-1

[Event "3rd Memory of Nebesna Sotnya-2016 R"]
[Site "Lutsk"]
[Date "2016.02.21"]
[Round "9.2"]
[White "Bernadskiy, Vitaliy"]
[Black "Bortnyk, Mykola"]
[Result "1/2-1/2"]
[WhiteElo "2552"]
[BlackElo "2535"]
[PlyCount "52"]
[EventDate "2016.02.20"]
[EventType "swiss (rapid)"]
[EventRounds "11"]
[EventCountry "UKR"]

1. d4 Nf6 2. c4 e6 3. Nc3 Bb4 4. e3 d5 5. Nge2 dxc4 6. a3 Be7 7. Nf4 c5 8. Bxc4
cxd4 9. exd4 Nc6 10. Be3 O-O 11. O-O e5 12. dxe5 Nxe5 13. Ba2 Neg4 14. Qxd8
Rxd8 15. Nfd5 Nxe3 16. fxe3 Kf8 17. Nxf6 gxf6 18. Nd5 Be6 19. Nxf6 Bxa2 20.
Rxa2 Bxf6 21. Rxf6 Kg7 22. Rf4 Rd2 23. Rb4 Rc8 24. Ra1 Rcc2 25. Rg4+ Kf8 26. b4
Ra2 1/2-1/2

[Event "3rd Memory of Nebesna Sotnya-2016 R"]
[Site "Lutsk"]
[Date "2016.02.21"]
[Round "9.3"]
[White "Zubarev, Alexander"]
[Black "Gritsak, Orest"]
[Result "1-0"]
[WhiteElo "2523"]
[BlackElo "2545"]
[PlyCount "72"]
[EventDate "2016.02.20"]
[EventType "swiss (rapid)"]
[EventRounds "11"]
[EventCountry "UKR"]

1. c4 Nf6 2. g3 c6 3. Bg2 d5 4. Nf3 g6 5. Qa4 e6 6. d4 Bg7 7. O-O O-O 8. Qc2 b6
9. b3 a5 10. Nbd2 Na6 11. Bb2 Bb7 12. Rac1 Qe7 13. Rfd1 Rfd8 14. Bc3 Nd7 15.
Qb2 Rac8 16. a3 Bf8 17. Ra1 c5 18. cxd5 Bxd5 19. e4 Bb7 20. d5 exd5 21. exd5
Bxd5 22. Nc4 Nc7 23. Re1 Be6 24. Nfe5 Nxe5 25. Bxe5 Nd5 26. Bxd5 Rxd5 27. Nxb6
Qb7 28. Nxc8 Bxc8 29. Qe2 Rxe5 30. Qxe5 Bh3 31. Qe4 Qxb3 32. Rab1 Qxa3 33. Rb8
c4 34. Qh4 Bd7 35. Qxc4 Qd6 36. Rd8 Be6 1-0

[Event "3rd Memory of Nebesna Sotnya-2016 R"]
[Site "Lutsk"]
[Date "2016.02.21"]
[Round "9.4"]
[White "Oleksiyenko, Mykhaylo"]
[Black "Mikhalsky, Vladimir"]
[Result "1-0"]
[WhiteElo "2536"]
[BlackElo "2296"]
[PlyCount "111"]
[EventDate "2016.02.20"]
[EventType "swiss (rapid)"]
[EventRounds "11"]
[EventCountry "UKR"]

1. e4 d6 2. d4 Nf6 3. Nc3 g6 4. f4 Bg7 5. Nf3 Na6 6. e5 dxe5 7. fxe5 Nd5 8.
Nxd5 Qxd5 9. c3 c5 10. Bb5+ Bd7 11. Bxd7+ Qxd7 12. Be3 cxd4 13. Qxd4 Qxd4 14.
Bxd4 Nc7 15. O-O-O Ne6 16. Be3 b6 17. Rd5 Rd8 18. Rhd1 O-O 19. Rd7 Rxd7 20.
Rxd7 Ra8 21. Rxe7 Kf8 22. Rd7 Ke8 23. Rd5 Rc8 24. Kc2 h5 25. a4 Bf8 26. a5 Nc7
27. Rd1 bxa5 28. Bxa7 a4 29. Ra1 a3 30. bxa3 Nb5 31. Bd4 Nxa3+ 32. Kd3 Rb8 33.
Ra2 Be7 34. e6 fxe6 35. Re2 Rb1 36. Rxe6 Kf7 37. Rxe7+ Kxe7 38. Bc5+ Ke6 39.
Bxa3 Rd1+ 40. Ke3 Ra1 41. Bc5 Ra2 42. g3 Kf5 43. Bd6 Kg4 44. h4 Ra6 45. Bf4 Ra3
46. Ne5+ Kf5 47. Kd4 Ra1 48. Nd3 Ra8 49. c4 Rd8+ 50. Kc3 Ke4 51. Ne5 Rg8 52.
Nf7 Ra8 53. Nd6+ Kf3 54. c5 g5 55. Bxg5 Kxg3 56. Kb4 1-0

[Event "3rd Memory of Nebesna Sotnya-2016 R"]
[Site "Lutsk"]
[Date "2016.02.21"]
[Round "9.6"]
[White "Rakhmangulov, Andrei"]
[Black "Polivanov, Anatoliy"]
[Result "1/2-1/2"]
[WhiteElo "2360"]
[BlackElo "2488"]
[PlyCount "41"]
[EventDate "2016.02.20"]
[EventType "swiss (rapid)"]
[EventRounds "11"]
[EventCountry "UKR"]

1. d4 e6 2. Nf3 d5 3. c4 c6 4. Nc3 Nf6 5. Bg5 dxc4 6. e4 b5 7. a4 Bb4 8. Be2 h6
9. Bxf6 Qxf6 10. O-O Bxc3 11. bxc3 O-O 12. Ne5 a6 13. f4 Ra7 14. Qd2 Rc7 15.
Qe3 c5 16. dxc5 Qe7 17. axb5 axb5 18. Rfb1 Nd7 19. Rxb5 Nxe5 20. fxe5 Bd7 21.
Rba5 1/2-1/2

[Event "3rd Memory of Nebesna Sotnya-2016 R"]
[Site "Lutsk"]
[Date "2016.02.21"]
[Round "9.7"]
[White "Bordovsky, Vladimir"]
[Black "Kislinsky, Alexey"]
[Result "1-0"]
[WhiteElo "2299"]
[BlackElo "2506"]
[PlyCount "85"]
[EventDate "2016.02.20"]
[EventType "swiss (rapid)"]
[EventRounds "11"]
[EventCountry "UKR"]

1. Nf3 g6 2. d4 Bg7 3. e4 c5 4. d5 d6 5. Be2 Nf6 6. Nc3 O-O 7. O-O e6 8. Nd2
exd5 9. exd5 Nbd7 10. Nc4 Nb6 11. Ne3 Ne8 12. a4 f5 13. a5 Nd7 14. f4 Nc7 15.
Kh1 Nf6 16. Qd3 Rb8 17. Nc4 Ne4 18. Bf3 Nxc3 19. bxc3 Qf6 20. Bd2 Bd7 21. Na3
b5 22. axb6 axb6 23. c4 Qxa1 24. Rxa1 Bxa1 25. c3 Bb2 26. Nb5 Nxb5 27. cxb5 Ra8
28. h4 Ra1+ 29. Kh2 Bc1 30. Bxc1 Rxc1 31. Qe3 Rb1 32. Qe7 Bxb5 33. Qxd6 Be8 34.
Qe7 Bf7 35. h5 gxh5 36. d6 Rb2 37. Qg5+ Kh8 38. Qxf5 Kg7 39. Qe5+ Kg8 40. Qg5+
Kh8 41. f5 Rg8 42. Qf6+ Rg7 43. d7 1-0

[Event "3rd Memory of Nebesna Sotnya-2016 R"]
[Site "Lutsk"]
[Date "2016.02.21"]
[Round "10.1"]
[White "Bogdanovich, Stanislav"]
[Black "Zubarev, Alexander"]
[Result "1-0"]
[WhiteElo "2665"]
[BlackElo "2523"]
[PlyCount "33"]
[EventDate "2016.02.20"]
[EventType "swiss (rapid)"]
[EventRounds "11"]
[EventCountry "UKR"]

1. d4 Nf6 2. c4 g6 3. Nc3 Bg7 4. Nf3 O-O 5. e4 c6 6. Bd3 d5 7. e5 Ne8 8. Be3
dxc4 9. Bxc4 Nc7 10. h4 Nd7 11. h5 Nb6 12. Bd3 Ncd5 13. Ng5 Nxe3 14. fxe3 f6
15. Nxh7 Kxh7 16. hxg6+ Kg8 17. Rh8+ 1-0